000 00534nam a2200169 a 4500
005 20140412111242.0
008 010725s19uu xx 00 eng d
020 _a81-7301-172-9
050 _aM 793.73
_bB575 1993
100 _aBhanot, T. R.
245 _aMy big book of questions & answers 2 :
_bfacts you must know /
_cby T. R. Bhanot; illustrations Kiran Art Studio.
260 _aDelhi, India :
_bDreamland Publications,
_c1993.
300 _a48p. ; ill.
650 _aFacts
650 _aGeneral Information
999 _c102761
_d102761